[Event "FRA-ch Blitz Online Qual"]
[White "Bulmaga, Irina"]
[Black "Roussel, Simon"]
[Site "Europe Echecs INT"]
[Round "10"]
[Result "1-0"]
[Date "2020.05.16"]
[WhiteElo "2440"]
[BlackElo "2140"]
[PlyCount "89"]
[EventDate "2020.05.16"]
[EventType "swiss (blitz)"]
[EventRounds "15"]
[EventCountry "FRA"]
[SourceTitle "CBM 196 Extra"]
[Source "ChessBase"]
[SourceDate "2020.07.31"]
[SourceVersion "1"]
[SourceVersionDate "2020.07.31"]
[SourceQuality "1"]

1. e4 e5 2. Nf3 Nc6 3. d4 exd4 4. c3 dxc3 5. Nxc3 d6 6. Bc4 Nf6 7. 0-0 Be7 8. Ng5 0-0 9. f4 h6 10. Nf3 a6 11. a3 b5 12. Bd3 Bg4 13. h3 Bxf3 14. Qxf3 Nd4 15. Qf2 c5 16. Be3 Nb3 17. Rad1 Qc7 18. Bc2 Na5 19. Qg3 Nc4 20. Bc1 Kh8 21. b3 Nb6 22. e5 dxe5 23. fxe5 Nfd7 24. Qd3 g6 25. Bxh6 Nxe5 26. Qg3 Rfe8 27. Rxf7 Nxf7 28. Qxc7 Nxh6 29. Qxb6 Rg8 30. Qe6 Bg5 31. Bxg6 Be3+ 32. Qxe3 Rxg6 33. Rd7 Rag8 34. Qe5+ R8g7 35. Rxg7 Rxg7 36. Qxc5 Kh7 37. Qb6 Rg6 38. Qb7+ Kg8 39. Qc8+ Kg7 40. Qd7+ Nf7 41. Ne4 Kf8 42. Nc5 Rd6 43. Qc8+ Kg7 44. Nxa6 Ne5 45. Qc7+ 1-0

[Event "FRA-ch Blitz Online Qual"]
[White "Roussel, Simon"]
[Black "Siffert, Arman"]
[Site "Europe Echecs INT"]
[Round "11"]
[Result "1-0"]
[Date "2020.05.16"]
[WhiteElo "2140"]
[BlackElo "1887"]
[PlyCount "45"]
[EventDate "2020.05.16"]
[EventType "swiss (blitz)"]
[EventRounds "15"]
[EventCountry "FRA"]
[SourceTitle "CBM 196 Extra"]
[Source "ChessBase"]
[SourceDate "2020.07.31"]
[SourceVersion "1"]
[SourceVersionDate "2020.07.31"]
[SourceQuality "1"]

1. e4 c5 2. Nf3 Nc6 3. d4 cxd4 4. Nxd4 e5 5. Nb5 d6 6. N1c3 a6 7. Na3 Be7 8. Nc4 b5 9. Ne3 Nf6 10. f3 Be6 11. a4 b4 12. Ncd5 0-0 13. Bc4 a5 14. 0-0 Nd7 15. Kh1 Bg5 16. Nf5 Bxc1 17. Rxc1 Bxf5 18. exf5 Nc5 19. Qd2 Nxa4 20. f6 Nb6 21. Qg5 g6 22. Qh6 Qxf6 23. Nxf6+ 1-0

[Event "FRA-ch Blitz Online Qual"]
[White "Villeneuve, Samuel"]
[Black "Roussel, Simon"]
[Site "Europe Echecs INT"]
[Round "4"]
[Result "1-0"]
[Date "2020.05.16"]
[WhiteElo "1807"]
[BlackElo "2140"]
[PlyCount "101"]
[EventDate "2020.05.16"]
[EventType "swiss (blitz)"]
[EventRounds "15"]
[EventCountry "FRA"]
[SourceTitle "CBM 196 Extra"]
[Source "ChessBase"]
[SourceDate "2020.07.31"]
[SourceVersion "1"]
[SourceVersionDate "2020.07.31"]
[SourceQuality "1"]

1. d4 Nf6 2. Nc3 d5 3. Bf4 a6 4. e3 Nbd7 5. Nf3 e6 6. Bd3 c5 7. 0-0 Be7 8. Ne5 0-0 9. Qf3 Re8 10. b3 Bf8 11. Bg5 h6 12. Bh4 g5 13. Bg3 Bg7 14. h4 Nxe5 15. Bxe5 gxh4 16. g3 Nh7 17. Bxg7 Kxg7 18. Bxh7 Kxh7 19. Qxf7+ Kh8 20. Kg2 Rg8 21. Rh1 Rg7 22. Qh5 Qg5 23. Rxh4 Qxh5 24. Rxh5 Kh7 25. Rah1 Rg6 26. dxc5 Bd7 27. f3 Rag8 28. g4 Bc6 29. Ne2 d4 30. e4 Rd8 31. Nf4 Rf6 32. Nd3 Rdf8 33. g5 Rxf3 34. Rxh6+ Kg7 35. Rh7+ Kg6 36. Ne5+ Kxg5 37. Nxf3+ Kf4 38. R1h4+ Ke3 39. Ng5 Rg8 40. R7h5 Kd2 41. Kg3 Kxc2 42. Rh2+ Kc3 43. Kf4 d3 44. Ke3 Rd8 45. Rd2 e5 46. Nf3 Bb5 47. Nxe5 Rg8 48. Rh3 Rd8 49. a4 Bd7 50. Rxd3+ Kb4 51. Rxd7 1-0

[Event "Avoine op 32nd"]
[White "Ribeiro, Romain"]
[Black "Roussel, Simon"]
[Site "Avoine"]
[Round "8"]
[Result "1-0"]
[Date "2017.07.29"]
[WhiteElo "2200"]
[BlackElo "2020"]
[PlyCount "119"]
[EventDate "2017.07.22"]
[EventType "swiss"]
[EventRounds "9"]
[EventCountry "FRA"]
[SourceTitle "CBM 179 Extra"]
[Source "ChessBase"]
[SourceDate "2017.08.23"]
[SourceVersion "1"]
[SourceVersionDate "2017.08.23"]
[SourceQuality "1"]

1. e4 e5 2. Nf3 Nc6 3. Bb5 Nf6 4. 0-0 Be7 5. Re1 d6 6. c3 0-0 7. d4 exd4 8. cxd4 Bg4 9. Bxc6 bxc6 10. h3 Bh5 11. Nbd2 h6 12. Nf1 Bg6 13. Ng3 Bh7 14. Qa4 Qe8 15. Nh4 d5 16. exd5 cxd5 17. Qa5 Qd7 18. Bf4 Bd8 19. Nf3 c6 20. Qa6 Bb6 21. Rac1 Rfc8 22. Ne5 Qd8 23. Nxc6 Rxc6 24. Rxc6 Bxd4 25. Rec1 Ne8 26. Rc8 Rxc8 27. Rxc8 Qd7 28. Qb7 Bf5 29. Qxd7 Bxd7 30. Rd8 Bc6 31. b4 Bb6 32. Rc8 Bd7 33. Rc1 Kh7 34. Rd1 Nf6 35. Be5 Be6 36. Bxf6 gxf6 37. Nh5 d4 38. Rd2 Kg6 39. g4 Bc4 40. a4 a6 41. Ng3 Kg5 42. Nf5 h5 43. a5 Ba7 44. Nxd4 Bb8 45. Nf3+ Kg6 46. Rd4 Be6 47. gxh5+ Kxh5 48. Kg2 Kg6 49. Nh4+ Kh5 50. f4 Ba7 51. Rd8 Kh6 52. Kg3 Bg1 53. Rd6 Bc4 54. Rxf6+ Kg7 55. Rc6 Bb5 56. Nf5+ Kg8 57. Rc8+ Kh7 58. Kg2 Bd7 59. Rc7 Bxf5 60. Rxf7+ 1-0

[Event "Paris BNP-Paribas blitz"]
[White "Roussel, Simon"]
[Black "Sauviat, Thomas"]
[Site "Paris"]
[Round "4"]
[Result "0-1"]
[Date "2015.06.13"]
[WhiteElo "1772"]
[BlackElo "1938"]
[PlyCount "94"]
[EventDate "2015.06.12"]
[EventType "swiss (blitz)"]
[EventRounds "15"]
[EventCountry "FRA"]
[SourceTitle "CBM 167 Extra"]
[Source "ChessBase"]
[SourceDate "2015.09.14"]
[SourceVersion "1"]
[SourceVersionDate "2015.09.14"]
[SourceQuality "1"]

1. e4 c5 2. Nf3 g6 3. g3 Bg7 4. Bg2 Nc6 5. c3 d6 6. 0-0 Nf6 7. Re1 0-0 8. d4 cxd4 9. Nxd4 Bd7 10. Na3 a6 11. Nac2 Qc7 12. Ne3 Rac8 13. f4 b5 14. Nd5 Nxd5 15. Nxc6 Bxc6 16. exd5 Ba8 17. Qe2 Rfe8 18. Bd2 Bxd5 19. Bxd5 Qc5+ 20. Qe3 Qxd5 21. Rad1 Qxa2 22. Bc1 Qc4 23. Qb6 Qc6 24. Qa7 Rc7 25. Qf2 e6 26. Re2 d5 27. Be3 Bf8 28. Bd4 Bc5 29. Qf3 Bxd4+ 30. Rxd4 Rec8 31. Qg4 Qc5 32. Kf1 Qf8 33. Qf3 Rc4 34. Qd3 Qc5 35. Rxc4 bxc4 36. Qc2 Rb8 37. Qa4 Qb5 38. Qa3 Qb3 39. Qxa6 Qd1+ 40. Kf2 Qh1 41. Ke3 Qc1+ 42. Kf2 Rxb2 43. Qc8+ Kg7 44. Qc5 Rxe2+ 45. Kxe2 Qxc3 46. Qd6 Qd3+ 47. Kf2 Qd4+ 0-1